Score 0/268 Timer 10:00
1 Play Today
Speech % Correct
I
96%
I
96%
I
96%
I
96%
I
96%
I
96%
I
96%
a
92.7%
a
92.7%
to
89.7%
to
89.7%
to
89.7%
to
89.7%
to
89.7%
to
89.7%
to
89.7%
to
89.6%
to
89.7%
to
89.7%
you
89.4%
You
89.4%
you
89.4%
You
89.4%
me
89.1%
me:
89.1%
me;
89.1%
me.
89.1%
The
88.7%
the
88.7%
The
88.7%
The
88.7%
the
88.7%
the
88.7%
the
88.7%
the
88.7%
Caesar,
86.8%
Caesar,
86.8%
Caesar.
86.8%
Caesar
86.8%
Caesar
86.8%
Caesar
86.8%
Caesar
86.8%
not
86.2%
not
86.2%
not
86.2%
an
84.8%
an
84.8%
an
84.8%
an
84.8%
your
84.8%
O
83.7%
is
83.1%
is
83.1%
Romans,
83.1%
is
83.1%
is
83.1%
is
83.1%
is
83.1%
countrymen,
82.9%
him
82.1%
him.
82.1%
lend
82.1%
him
82%
him?
82%
ears;
82%
Friends,
81.4%
come
80.7%
Come
80.7%
come
80.7%
he
80.1%
He
80.1%
he
80.1%
he
80.1%
He
80.1%
he
80.1%
he
80.1%
friend,
80%
And
76.7%
and
76.7%
and
76.7%
And
76.7%
And
76.7%
And,
76.7%
And
76.7%
And
76.7%
bury
76.3%
be
76.1%
be
76.1%
in
75.2%
in
75.1%
Speech % Correct
in
75.1%
was
75%
was
75%
was
75%
was
75%
was
75%
was
75%
was
75%
praise
74.9%
do
74.8%
do
74.8%
of
74%
of
74%
that
73.3%
that
73.3%
that
73.2%
it
73.1%
it
73.1%
it
73.1%
it.
73.1%
it
73.1%
man;
72.9%
man.
72.9%
man.
72.9%
man.
72.9%
men
70.1%
men
70.1%
men--
70.1%
So
70%
So
70%
so,
70%
Brutus
70%
Brutus
70%
Brutus
70%
Brutus
69.9%
Brutus
69.9%
Brutus
69.9%
Brutus
69.9%
Brutus
69.9%
Brutus
69.9%
For
67.3%
for
67.3%
am
66.3%
with
65.9%
with
65.9%
with
65.9%
with
65.9%
my
64.9%
My
64.9%
good
63.8%
But
63.4%
But
63.3%
honourable
63%
honourable
63%
honourable
63%
honourable
63%
honourable
63%
on
62.6%
them;
62.4%
If
61%
they
60.9%
evil
60.8%
are
60.5%
their
60.5%
their
60.5%
all,
60.1%
all
60.1%
all
60.1%
all
60.1%
were
58.4%
lives
56.1%
This
56%
this
56%
after
55.5%
have
54.5%
have
54.5%
did
53.9%
Did
53.9%
did
53.9%
did
53.9%
did
53.9%
When
53.4%
Rome
52.5%
what
52.4%
what
52.4%
What
52.4%
let
52.3%
says
51.7%
says
51.7%
says
51.7%
Speech % Correct
oft
51.4%
ambitious;
50%
ambitious:
50%
ambitious;
50%
ambitious?
50%
see
50%
ambitious;
50%
bones;
49.9%
interred
49.4%
noble
49%
there
48.2%
know.
47.8%
love
47.7%
should
46.8%
Hath
46.6%
hath
46.6%
hath
46.6%
hath
46.6%
Here,
46.4%
here
46.4%
speak
46.3%
speak
46.3%
speak
46.3%
told
45.9%
Yet
43.9%
yet
43.9%
heart
43.3%
must
41.9%
just
40.6%
then,
39.8%
fault,
39.8%
thou
38.9%
ambition?
38.9%
Ambition
38.9%
back
38.6%
crown,
38.5%
grievous
38.4%
thrice
36.6%
thrice
36.6%
made
36.6%
Which
36.2%
rest--
36.1%
many
35.7%
seem
35.6%
grievously
35.6%
refuse:
35%
coffin
34.4%
brought
34.2%
funeral.
34.2%
answer'd
34%
stuff:
33.6%
sterner
32.8%
Caesar's
32.8%
poor
32.8%
wept:
32.7%
coffers
32.5%
mourn
32.4%
once,
32.2%
fill:
31.9%
cried,
31.7%
kingly
31.4%
general
31.4%
without
31.2%
under
31.1%
home
31%
captives
30.2%
whose
30.2%
leave
30.1%
cause:
29.3%
cause
29.3%
presented
28.7%
Lupercal
28.7%
sure,
28.5%
faithful
28.1%
pause
28.1%
ransoms
27.8%
till
27.6%
spoke,
27.3%
lost
26.8%
art
26.7%
Bear
25.3%
reason.
24.8%
beasts,
23.9%
brutish
23.2%
disprove
22.9%
fled
21.4%
withholds
19.1%
judgment!
19%
Remove Ads.
Support Sporcle.
Get the best of Sporcle when you Go Orange. This ad-free experience offers more features, more stats, and more fun while also helping to support Sporcle. Thank you for becoming a member.

You're not logged in!

Compare scores with friends on all Sporcle quizzes.
OR
Log In

Show Comments

Extras

Top Quizzes Today


Score Distribution

Your Account Isn't Verified!

In order to create a playlist on Sporcle, you need to verify the email address you used during registration. Go to your Sporcle Settings to finish the process.

Report this User

Report this user for behavior that violates our Community Guidelines.

Details: